|
|
|
|
| LEADER |
00000nam0a2200000 4500 |
| 001 |
312155 |
| 005 |
20231102002446.0 |
| 010 |
|
|
|a 9785238024202
|
| 035 |
|
|
|a (RuTPU)RU\TPU\book\337522
|
| 090 |
|
|
|a 312155
|
| 100 |
|
|
|a 20151217d2015 k y0rusy50 ca
|
| 101 |
0 |
|
|a rus
|
| 102 |
|
|
|a RU
|
| 105 |
|
|
|a y z 001zy
|
| 200 |
1 |
|
|a Новые идеи в социологии
|e монография
|f Российская академия наук (РАН), Научный совет Отделения общественных наук РАН "Новые явления в общественном сознании и социальной практике" ; Российская академия наук (РАН), Институт социологии (ИС) ; Российская академия наук (РАН), Институт социально-политических исследований (ИСПИ) ; Российский государственный гуманитарный университет (РГГУ) ; под ред. Ж. Т. Тощенко
|
| 210 |
|
|
|a Москва
|c ЮНИТИ
|d 2015
|
| 215 |
|
|
|a 479 с.
|
| 225 |
1 |
|
|a Magister
|
| 320 |
|
|
|a Библиогр. в конце ст.
|
| 330 |
|
|
|a Рассматриваются новые явления и процессы, закономерно и/или спонтанно возникающие идеи, что имеет принципиальное значение для получения нового знания, особенно при осмыслении феномена модер-низационных и инновационных практик и их роли в преобразовании общественной жизни страны.Дается анализ новаторских концепций, касающихся происходящих изменений в самой науке (новые тенденции в развитии социологии, ее будущее, препятствия, возникающие на ее пути и т.д.); на основе социологических исследований раскрываются характеристики современного российского общества (проблемы цивилизационного выбора, клеточной глобализации, стагнации и модернизации социальной структуры, антиномии и др.).Для исследователей, преподавателей, аспирантов и студентов, а также потребителей социологического знания — руководителей и специалистов всех отраслей национального хозяйства, культуры, науки и образования.
|
| 606 |
1 |
|
|a Социология
|2 stltpush
|3 (RuTPU)RU\TPU\subj\67656
|9 83377
|
| 610 |
1 |
|
|a история
|
| 610 |
1 |
|
|a российская социология
|
| 610 |
1 |
|
|a социологические знания
|
| 610 |
1 |
|
|a социологические исследования
|
| 610 |
1 |
|
|a гражданское общество
|
| 610 |
1 |
|
|a нейросоциология
|
| 610 |
1 |
|
|a общественное развитие
|
| 610 |
1 |
|
|a мировой экономический кризис
|
| 610 |
1 |
|
|a антимония
|
| 610 |
1 |
|
|a СМИ
|
| 610 |
1 |
|
|a Россия
|
| 610 |
1 |
|
|a Китай
|
| 610 |
1 |
|
|a молодежь
|
| 610 |
1 |
|
|a 21 век
|
| 610 |
1 |
|
|a социальные преобразования
|
| 610 |
1 |
|
|a деревня
|
| 610 |
1 |
|
|a образование
|
| 610 |
1 |
|
|a социокультурные факторы
|
| 610 |
1 |
|
|a монографии
|
| 686 |
|
|
|a С5
|v LBC/SL-A
|2 rubbk
|
| 702 |
|
1 |
|a Тощенко
|b Ж. Т.
|g Жан Терентьевич
|4 340
|
| 712 |
0 |
2 |
|a Российская академия наук (РАН)
|b Научный совет Отделения общественных наук РАН "Новые явления в общественном сознании и социальной практике"
|c (1917-1925, 1991- )
|2 stltpush
|3 (RuTPU)RU\TPU\col\51
|
| 712 |
0 |
2 |
|a Российская академия наук (РАН)
|b Институт социологии (ИС)
|c (Москва)
|c (1991- )
|2 stltpush
|3 (RuTPU)RU\TPU\col\11828
|
| 712 |
0 |
2 |
|a Российская академия наук (РАН)
|b Институт социально-политических исследований (ИСПИ)
|c (Москва)
|2 stltpush
|3 (RuTPU)RU\TPU\col\6682
|
| 712 |
0 |
2 |
|a Российский государственный гуманитарный университет (РГГУ)
|c (Москва)
|c (1991- )
|2 stltpush
|3 (RuTPU)RU\TPU\col\340
|
| 801 |
|
1 |
|a RU
|b 63413507
|c 20151217
|
| 801 |
|
2 |
|a RU
|b 63413507
|c 20160226
|g RCR
|
| 900 |
|
|
|a Социология
|
| 942 |
|
|
|c BK
|
| 959 |
|
|
|a 133/20151027
|d 1
|e 600,00
|f ЧЗГЛ:1
|